00774cam a2200229Ma 450000500170000000800410001702000180005802000150007603500210009104000500011204100080016224500800017025000100025026000490026030000380030950000210034765000480036865000460041665000260046265000290048870000270051720150819170246.0100413s2010 xxua 001 0 eng d a9780899644257 a0899644252 a(OCoLC)710018290 aCo-BoUCMbspacSandra PalaciodSandra Palacio0 aeng00aAlumni relations ba newcomer's guide to successcEditado por John A. Feudo a2a ed aWashington D.C. (Estados Unidos)bCASEc2010 axiv, 336 páginasbilustraciones aIncluye índice 7aEstudiantes universitarios zEstados Unidos 7aEgresados universitarios zEstados Unidos14aEducación superior  7aFormación profesional 1 aFeudo, John A.eeditor